000 00607cam a2200217Ia 4500
001 36039398
003 OCoLC
005 20240317194233.0
008 961205s1996 mx a j 000 0 spa d
020 _a9700506681 :
_c$8.00
020 _a9789700506685
040 _aTXN
_cTXN
_dJQJ
041 _aspa
100 1 _aSuarez, Maribel,
_d1952-
245 1 0 _aComo siento? :
_bel sentido del tacto /
_cdiseno e ilustracion Maribel Suarez.
260 _aMexico, D.F. :
_bGrijalbo,
_cc1996.
300 _a[16] p. :
_bcol. ill. ;
_c22 cm.
490 0 _aAlbores.
650 0 _aTouch
_vJuvenile fiction.
942 _cBK
999 _c27492
_d27492